[Event "ODJM A 2018"]
[Site "Willingen GER"]
[Date "2018.05.21"]
[Round "3"]
[White "Kreutz, Jonas"]
[Black "Muckle, Richard"]
[Result "1-0"]
[Termination "normal"]
[Board "28"]
[WhiteElo "1861"]
[BlackElo "2014"]
[PlyCount "119"]
[WhiteFideId "12970697"]
[BlackFideId "12942553"]
[EventCountry "GER"]
[EventRounds "9"]
[EventType "swiss"]
[EventDate "2018.05.19"]

1. e4 e6 2. d4 d5 3. Nc3 dxe4 4. Nxe4 Be7 5. Nf3 Nf6 6. Bd3 Bd7 7. O-O Nxe4 8.
Bxe4 Bc6 9. Qe2 Bxe4 10. Qxe4 Nc6 11. c3 O-O 12. Bf4 Bf6 13. Rfe1 Re8 14. Rad1
h6 15. Ne5 Bxe5 16. Bxe5 Qe7 17. Bf4 g5 18. Bc1 f5 19. Qf3 Qf7 20. h4 e5 21.
dxe5 Nxe5 22. Qxb7 Ng4 23. hxg5 Qh5 24. Qxc7 Qh4 25. Qg3 Qxg3 26. fxg3 hxg5 27.
Bxg5 a5 28. Rxe8+ Rxe8 29. Rd8 Rxd8 30. Bxd8 a4 31. Kf1 Kf7 32. Ke2 Ke6 33. Bc7
Kd5 34. b3 axb3 35. axb3 Ke4 36. b4 Kd5 37. b5 Nf6 38. b6 Kc6 39. Kf3 Ne4 40.
c4 Nd2+ 41. Kf4 Nxc4 42. Kxf5 Ne3+ 43. Ke4 Nxg2 44. g4 Nh4 45. g5 Kb7 46. Ke5
Kc6 47. Kf6 Kb7 48. g6 Nxg6 49. Kxg6 Kc6 50. Kf6 Kd7 51. Ke5 Kc6 52. Kd4 Kb7
53. Kc5 Kc8 54. Kb5 Kb7 55. Bf4 Ka8 56. Bd2 Kb7 57. Ka5 Kb8 58. Ka6 Ka8 59. b7+
Kb8 60. Bf4# 1-0

[Event "ODJM A 2018"]
[Site "Willingen GER"]
[Date "2018.05.21"]
[Round "3"]
[White "Matthes, Aaron"]
[Black "Gerlach, Felix"]
[Result "0-1"]
[Termination "normal"]
[Board "29"]
[WhiteElo "1689"]
[BlackElo "1907"]
[PlyCount "120"]
[WhiteFideId "16227310"]
[BlackFideId "12957690"]
[EventCountry "GER"]
[EventRounds "9"]
[EventType "swiss"]
[EventDate "2018.05.19"]

1. e4 c5 2. Nf3 d6 3. c3 Nf6 4. Be2 g6 5. Qc2 Bg7 6. d4 O-O 7. O-O Nbd7 8. Rd1
cxd4 9. cxd4 b6 10. Nc3 Bb7 11. Be3 Rc8 12. Bd3 Ng4 13. Bg5 h6 14. Bh4 Nb8 15.
h3 Nf6 16. a3 Nh5 17. Rac1 g5 18. Bg3 Nxg3 19. fxg3 a6 20. Qe2 b5 21. Kh1 e6
22. Bb1 Qe7 23. Qd3 Rfd8 24. b4 Nd7 25. g4 Nf8 26. Ne2 Ng6 27. Qe3 Rc6 28. Rxc6
Bxc6 29. Rc1 Qb7 30. Rc3 Ra8 31. Qc1 Rc8 32. Bd3 Kf8 33. Qc2 Ke8 34. e5 Ne7 35.
exd6 Nd5 36. Rc5 Ne3 37. Qc1 Nd5 38. Ne5 Bxe5 39. dxe5 Nb6 40. Qe3 Nd7 41. Rc1
Bxg2+ 42. Kh2 Rxc1 43. Nxc1 Bh1 44. Bf1 Qe4 45. Qc3 Qc6 46. Qxc6 Bxc6 47. Nd3
Bd5 48. Nc5 Nxe5 49. Nxa6 Bc4 50. Bxc4 bxc4 51. Nc5 c3 52. Kg3 c2 53. Nb3 Nd3
54. b5 Kd7 55. b6 Kxd6 56. a4 c1=Q 57. Nxc1 Nxc1 58. a5 Kc6 59. Kf3 Nb3 60. Ke4
f6 0-1

[Event "ODJM A 2018"]
[Site "Willingen GER"]
[Date "2018.05.21"]
[Round "3"]
[White "Lohr, Maximilian"]
[Black "Fistoul, Boris"]
[Result "1-0"]
[Termination "normal"]
[Board "31"]
[WhiteElo "1876"]
[BlackElo "1953"]
[PlyCount "77"]
[WhiteFideId "12999717"]
[BlackFideId "12953962"]
[EventCountry "GER"]
[EventRounds "9"]
[EventType "swiss"]
[EventDate "2018.05.19"]

1. e4 e6 2. d4 b6 3. Bd3 Bb7 4. Nf3 c5 5. c3 Nf6 6. Qe2 Be7 7. O-O d5 8. e5
Nfd7 9. a3 Nc6 10. b4 c4 11. Bc2 h6 12. Ne1 Qc7 13. Qg4 Bf8 14. f4 O-O-O 15. f5
Ndxe5 16. dxe5 Nxe5 17. Qg3 Bd6 18. Bf4 Kb8 19. Qxg7 Rdg8 20. Qf6 Ng4 21. Bxd6
Qxd6 22. Qh4 d4 23. Nd2 Ne3 24. Rf2 Rg4 25. Nxc4 Qf8 26. Qh3 Nxc2 27. Nxc2 Rhg8
28. Ne5 Rxg2+ 29. Rxg2 Bxg2 30. Qh4 Qg7 31. Qg3 Qxg3 32. hxg3 Rxg3 33. Kf2 Rxc3
34. Nxd4 Bd5 35. f6 h5 36. Nxf7 Rd3 37. Ne5 Rxd4 38. f7 Rf4+ 39. Ke3 1-0

[Event "ODJM A 2018"]
[Site "Willingen GER"]
[Date "2018.05.21"]
[Round "3"]
[White "Weber, Jannis"]
[Black "Buller, Ian Joshua"]
[Result "1/2-1/2"]
[Termination "normal"]
[Board "32"]
[WhiteElo "1871"]
[BlackElo "1779"]
[PlyCount "96"]
[WhiteFideId "12990760"]
[BlackFideId "12990655"]
[EventCountry "GER"]
[EventRounds "9"]
[EventType "swiss"]
[EventDate "2018.05.19"]

1. e4 c5 2. Nf3 d6 3. d4 cxd4 4. Nxd4 Nf6 5. Nc3 a6 6. Bg5 Nbd7 7. Bc4 h6 8.
Bxf6 Nxf6 9. Qe2 e5 10. Nf3 Be7 11. O-O-O Qc7 12. Nd5 Nxd5 13. Bxd5 Bd7 14. Qc4
Qxc4 15. Bxc4 Rc8 16. Bd5 Rc7 17. Nd2 Bg5 18. Kb1 Bxd2 19. Rxd2 Ke7 20. Re1 Be6
21. c3 Bxd5 22. Rxd5 Ke6 23. Red1 Rd8 24. Kc2 Rdd7 25. R1d3 f6 26. Kd2 Rc5 27.
Ke3 Rc6 28. g3 g6 29. Rd2 h5 30. f4 Rf7 31. fxe5 fxe5 32. c4 g5 33. b3 g4 34.
Ke2 Ke7 35. c5 Rxc5 36. Rxd6 Rc2 37. Rd7+ Ke6 38. R7d6+ Ke7 39. Rd7+ Ke6 40.
Rxf7 Rxd2+ 41. Kxd2 Kxf7 42. Kc3 Ke6 43. a4 Kd6 44. Kc4 b6 45. b4 Kc6 46. b5+
axb5+ 47. axb5+ Kd6 48. Kb4 Ke6 1/2-1/2

[Event "ODJM A 2018"]
[Site "Willingen GER"]
[Date "2018.05.21"]
[Round "3"]
[White "Gorainow, Nikita"]
[Black "Wissing, Philipp"]
[Result "1/2-1/2"]
[Termination "normal"]
[Board "33"]
[WhiteElo "1893"]
[BlackElo "1802"]
[PlyCount "40"]
[WhiteFideId "12970093"]
[BlackFideId "12993654"]
[EventCountry "GER"]
[EventRounds "9"]
[EventType "swiss"]
[EventDate "2018.05.19"]

1. e4 c5 2. Nf3 Nc6 3. d4 cxd4 4. Nxd4 e5 5. Nb5 a6 6. Nd6+ Bxd6 7. Qxd6 Qe7 8.
Qxe7+ Ngxe7 9. c3 d5 10. exd5 Nxd5 11. Be2 O-O 12. O-O Be6 13. Na3 Rfd8 14. Rd1
f6 15. Nc2 Kf7 16. Be3 Nxe3 17. Nxe3 Ne7 18. Bf3 Nc6 19. Be4 g6 20. g4 Rxd1+
1/2-1/2

[Event "ODJM A 2018"]
[Site "Willingen GER"]
[Date "2018.05.21"]
[Round "3"]
[White "Tham, Minh"]
[Black "Askerov, Imamali"]
[Result "1/2-1/2"]
[Termination "normal"]
[Board "34"]
[WhiteElo "1910"]
[BlackElo "1935"]
[PlyCount "118"]
[WhiteFideId "12997323"]
[BlackFideId "12974498"]
[EventCountry "GER"]
[EventRounds "9"]
[EventType "swiss"]
[EventDate "2018.05.19"]

1. d4 Nf6 2. c4 e6 3. Nc3 Bb4 4. f3 d5 5. a3 Bxc3+ 6. bxc3 h6 7. e3 O-O 8. Bd3
b6 9. Ne2 c5 10. O-O Ba6 11. cxd5 Bxd3 12. Qxd3 exd5 13. Bd2 Re8 14. Ng3 Nc6
15. Rfe1 Qd7 16. Rab1 Rab8 17. Kh1 Rec8 18. Rec1 Na5 19. e4 dxe4 20. fxe4 Ng4
21. Qe2 cxd4 22. cxd4 Rxc1+ 23. Rxc1 Nb3 24. Nf5 Nf6 25. Rf1 Nxd4 26. Nxd4 Qxd4
27. e5 Re8 28. Qf3 Qxe5 29. Bc3 Qe6 30. Qg3 Kh7 31. Re1 Qd7 32. Bxf6 Rxe1+ 33.
Qxe1 gxf6 34. h3 Qe6 35. Qc3 Qe5 36. Qb3 Kg7 37. Qa4 a5 38. Qg4+ Qg5 39. Qa4 h5
40. Kh2 Qe5+ 41. Kh1 f5 42. Qd1 f4 43. a4 Kf6 44. Qd8+ Kg7 45. Qd1 Kg6 46. Qd3+
Kh6 47. Qb3 Qe6 48. Qa3 Kg5 49. Qb2 f6 50. Qb5+ f5 51. Qb2 Qf6 52. Qa2 Kh6 53.
Qf2 Qd6 54. Qb2 Kg6 55. Qe2 Qd7 56. Qf2 Qd1+ 57. Kh2 Qd6 58. Kh1 Kg5 59. Qb2
Kg6 1/2-1/2

[Event "ODJM A 2018"]
[Site "Willingen GER"]
[Date "2018.05.21"]
[Round "3"]
[White "Günther, Emil"]
[Black "Schilay, Lorenz"]
[Result "0-1"]
[Termination "normal"]
[Board "36"]
[WhiteElo "1584"]
[BlackElo "1920"]
[PlyCount "148"]
[WhiteFideId "16228154"]
[BlackFideId "12930180"]
[EventCountry "GER"]
[EventRounds "9"]
[EventType "swiss"]
[EventDate "2018.05.19"]

1. Nf3 Nf6 2. d4 g6 3. g3 b6 4. Bg2 Bb7 5. O-O c5 6. e3 Bg7 7. b3 O-O 8. Bb2 d6
9. c4 cxd4 10. Bxd4 Nbd7 11. Nbd2 Rc8 12. Rc1 Nc5 13. Qe2 Rc7 14. Rfd1 Qb8 15.
h4 Nce4 16. Nxe4 Bxe4 17. Ng5 Bxg2 18. Kxg2 Rfc8 19. Qf3 h6 20. Ne4 Nd7 21.
Bxg7 Kxg7 22. Nc3 Ne5 23. Qe4 a6 24. Nd5 Qb7 25. f4 Ng4 26. Qf3 h5 27. Re1 Rc5
28. Nb4 Qd7 29. Nxa6 Ra5 30. Nb4 b5 31. Qd5 e6 32. Qd2 bxc4 33. Rxc4 Rxc4 34.
bxc4 Qb7+ 35. e4 Ra4 36. a3 Kh7 37. Qb2 Qa8 38. Re2 Rxa3 39. Nc2 Ra4 40. Qd4
Qc6 41. Ne3 Nxe3+ 42. Rxe3 Rxc4 43. Qf6 Qb7 44. Kh3 Rc7 45. Qd4 Qb1 46. Re2
Qf1+ 47. Rg2 Rc2 48. Qg1 Qxg2+ 49. Qxg2 Rxg2 50. Kxg2 Kg7 51. Kf3 Kf6 52. Ke3
Ke7 53. e5 d5 54. Kd4 Kd7 55. Kc5 Kc7 56. Kb5 Kb7 57. Ka5 Kc6 58. Kb4 Kb6 59.
Kc3 Kc5 60. Kd3 d4 61. Kd2 Kc4 62. Ke2 Kc3 63. Ke1 Kc2 64. g4 d3 65. gxh5 d2+
66. Kf2 gxh5 67. f5 exf5 68. e6 fxe6 69. Kg2 d1=Q 70. Kh2 Qg4 71. Kh1 Kd2 72.
Kh2 Ke3 73. Kh1 Kf3 74. Kh2 Qg2# 0-1

[Event "ODJM A 2018"]
[Site "Willingen GER"]
[Date "2018.05.21"]
[Round "3"]
[White "von Freymann, Franz"]
[Black "Müller, Magnus"]
[Result "1/2-1/2"]
[Termination "normal"]
[Board "37"]
[WhiteElo "1809"]
[BlackElo "1782"]
[PlyCount "103"]
[WhiteFideId "12994014"]
[BlackFideId "16230060"]
[EventCountry "GER"]
[EventRounds "9"]
[EventType "swiss"]
[EventDate "2018.05.19"]

1. d4 Nf6 2. Bf4 d5 3. e3 c5 4. c3 Nc6 5. Nd2 e6 6. Ngf3 cxd4 7. cxd4 Qb6 8.
Qb1 Bd7 9. h3 Rc8 10. a3 Ne7 11. Bd3 Bb5 12. O-O Ng6 13. Bh2 Bxd3 14. Qxd3 Bd6
15. Bxd6 Qxd6 16. Rfc1 O-O 17. Rc3 Ne7 18. Rac1 a6 19. Ne5 Nd7 20. Nxd7 Qxd7
21. Nf3 f6 22. Rxc8 Rxc8 23. Qd2 Nf5 24. Rc3 Nd6 25. Rxc8+ Qxc8 26. Ne1 Ne4 27.
Qc2 Qxc2 28. Nxc2 Kf7 29. f3 Nd6 30. Kf2 e5 31. Ke2 Ke6 32. Kf2 g5 33. g4 a5
34. b3 Kd7 35. Ke2 Kc6 36. Kd2 b6 37. Ke2 Kb5 38. dxe5 fxe5 39. f4 gxf4 40.
exf4 exf4 41. Nd4+ Ka6 42. Ne6 a4 43. bxa4 Ka5 44. Nxf4 Kxa4 45. Nxd5 b5 46.
Nc3+ Kxa3 47. Nxb5+ Nxb5 48. g5 Kb4 49. Kf3 Kc5 50. Kg4 Nd4 51. h4 Kd6 52. h5
1/2-1/2

[Event "ODJM A 2018"]
[Site "Willingen GER"]
[Date "2018.05.21"]
[Round "3"]
[White "Perkampus, Laurin"]
[Black "Wachtel, Arthur"]
[Result "1/2-1/2"]
[Termination "normal"]
[Board "38"]
[WhiteElo "1628"]
[BlackElo "1932"]
[PlyCount "56"]
[WhiteFideId "16232283"]
[BlackFideId "12988510"]
[EventCountry "GER"]
[EventRounds "9"]
[EventType "swiss"]
[EventDate "2018.05.19"]

1. d4 e6 2. Bf4 b6 3. e3 Bb7 4. Nf3 Nf6 5. Bd3 Be7 6. h3 O-O 7. O-O c5 8. c3
Nc6 9. Nbd2 d6 10. Bh2 Qc8 11. Nc4 Rd8 12. a4 Ba6 13. Na3 Bxd3 14. Qxd3 Qb7 15.
Qe2 Rac8 16. Rfd1 a6 17. Rab1 h6 18. dxc5 bxc5 19. Nc4 d5 20. Nce5 Nxe5 21.
Bxe5 Ne4 22. Nd2 Nxd2 23. Rxd2 c4 24. Bd4 Qb3 25. Ra1 Bd6 26. f4 Bc5 27. Qg4
Bxd4 28. exd4 Rb8 1/2-1/2

[Event "ODJM A 2018"]
[Site "Willingen GER"]
[Date "2018.05.21"]
[Round "3"]
[White "Brandl, Lea Maria"]
[Black "Englert, Jon"]
[Result "1/2-1/2"]
[Termination "normal"]
[Board "40"]
[WhiteElo "1932"]
[BlackElo "2031"]
[PlyCount "60"]
[WhiteFideId "24693049"]
[BlackFideId "12992275"]
[EventCountry "GER"]
[EventRounds "9"]
[EventType "swiss"]
[EventDate "2018.05.19"]

1. d4 Nf6 2. c4 g6 3. Nc3 Bg7 4. e4 d6 5. Nf3 O-O 6. Be2 e5 7. O-O Nc6 8. d5
Ne7 9. Nd2 a5 10. a3 Nd7 11. Rb1 f5 12. b4 Kh8 13. bxa5 Nc5 14. a4 Bh6 15. Nb3
Bxc1 16. Nxc5 Bh6 17. Nxb7 Bxb7 18. Rxb7 fxe4 19. Nxe4 Rxa5 20. Nc3 Qc8 21. Qb3
Nf5 22. Bd3 Nd4 23. Qb4 Ra8 24. Rb1 Qg4 25. Ne4 Bf4 26. h3 Qd7 27. a5 g5 28. c5
g4 29. h4 g3 30. fxg3 Qg4 1/2-1/2

[Event "ODJM A 2018"]
[Site "Willingen GER"]
[Date "2018.05.21"]
[Round "3"]
[White "Fuhlrott, Tim"]
[Black "Langner, Jasper"]
[Result "1-0"]
[Termination "normal"]
[Board "41"]
[WhiteElo "1930"]
[BlackElo "1707"]
[PlyCount "65"]
[WhiteFideId "16222431"]
[BlackFideId "16202554"]
[EventCountry "GER"]
[EventRounds "9"]
[EventType "swiss"]
[EventDate "2018.05.19"]

1. Nf3 d5 2. c4 d4 3. g3 c5 4. Bg2 Nc6 5. O-O e5 6. d3 Be7 7. b4 cxb4 8. a3 b3
9. Nbd2 Nf6 10. Nxb3 O-O 11. Qc2 Bg4 12. e3 dxe3 13. Bxe3 Qc7 14. h3 Bc8 15. d4
exd4 16. Nfxd4 Nxd4 17. Nxd4 a6 18. Nf5 Bc5 19. Bf4 Bxf5 20. Qxf5 Qa5 21. Bd6
b6 22. Bxf8 Rxf8 23. Rfe1 h6 24. Qd3 Rc8 25. Bb7 Rb8 26. Bd5 Nxd5 27. cxd5 Rd8
28. Red1 b5 29. Qb3 Qb6 30. Ra2 Re8 31. Rad2 Bxf2+ 32. Rxf2 Re3 33. Rd3 1-0

[Event "ODJM A 2018"]
[Site "Willingen GER"]
[Date "2018.05.21"]
[Round "3"]
[White "Herbrig, Marie-Helén"]
[Black "Grunert, Friedrich"]
[Result "0-1"]
[Termination "normal"]
[Board "42"]
[WhiteElo "1909"]
[BlackElo "1828"]
[PlyCount "134"]
[WhiteFideId "12900427"]
[BlackFideId "12995592"]
[EventCountry "GER"]
[EventRounds "9"]
[EventType "swiss"]
[EventDate "2018.05.19"]

1. d4 d5 2. Nf3 Nf6 3. Bf4 c5 4. c3 Nc6 5. e3 Qb6 6. Qc1 Bf5 7. Nbd2 h6 8. dxc5
Qxc5 9. Nb3 Qb6 10. Nbd4 Bh7 11. Bb5 a6 12. Ba4 e6 13. O-O Be7 14. Nxc6 bxc6
15. c4 O-O 16. Ne5 Rfc8 17. Qd2 Ne4 18. Qe2 f6 19. Nf3 e5 20. Bg3 Rab8 21. cxd5
Nc5 22. Bxc6 Bd3 23. Qd1 Bxf1 24. Kxf1 Qxb2 25. Nd2 Rxc6 26. dxc6 Qb5+ 27. Kg1
Qxc6 28. Rc1 Rd8 29. Qc2 Qd5 30. Nc4 Qd3 31. f3 Qxc2 32. Rxc2 e4 33. Kf2 exf3
34. gxf3 Nd3+ 35. Ke2 Nb4 36. Rb2 Rc8 37. Nb6 Rc1 38. Be1 Rxe1+ 39. Kxe1 Nd3+
40. Kd2 Nxb2 41. Kc2 Bd8 42. Nd5 Nc4 43. Kc3 Ne5 44. f4 Ng4 45. h3 Nf2 46. h4
Kf7 47. f5 Ke8 48. Nf4 Ba5+ 49. Kc4 Bd2 50. Kd4 Ng4 51. Nd5 Kd7 52. Kd3 Be1 53.
h5 Kd6 54. Kd4 Bf2 55. Ke4 Bxe3 56. Nb4 a5 57. Nd3 Nf2+ 58. Kxe3 Nxd3 59. Kxd3
Ke5 60. Kc4 Kxf5 61. Kb5 Kg4 62. Kxa5 f5 63. Kb6 f4 64. a4 f3 65. a5 f2 66. a6
f1=Q 67. Kb7 Qxa6+ 0-1

[Event "ODJM A 2018"]
[Site "Willingen GER"]
[Date "2018.05.22"]
[Round "4"]
[White "Savchenko, Daniel"]
[Black "Krause, Benedict"]
[Result "1-0"]
[Termination "normal"]
[Board "1"]
[BlackTitle "FM"]
[WhiteElo "2117"]
[BlackElo "2448"]
[WhiteClock "00:02:15"]
[BlackClock "00:24:29"]
[PlyCount "89"]
[WhiteFideId "12919195"]
[BlackFideId "12917990"]
[EventCountry "GER"]
[EventRounds "9"]
[EventType "swiss"]
[EventDate "2018.05.19"]

1. e4 {[%clk 1:30:57]} 1... c5 {[%clk 1:30:55]} 2. Nf3 {[%clk 1:31:14]} 2... e6
{[%clk 1:31:20]} 3. d4 {[%clk 1:31:37]} 3... cxd4 {[%clk 1:31:45]} 4. Nxd4 {
[%clk 1:32:01]} 4... Nc6 {[%clk 1:32:04]} 5. Nc3 {[%clk 1:32:22]} 5... Qc7 {
[%clk 1:32:29]} 6. Be3 {[%clk 1:32:44]} 6... a6 {[%clk 1:32:51]} 7. Qf3 { [%clk
1:33:00]} 7... Bd6 {[%clk 1:32:52]} 8. O-O-O {[%clk 1:33:01]} 8... Be5 { [%clk
1:32:30]} 9. g3 {[%clk 1:33:02]} 9... Nge7 {[%clk 1:31:21]} 10. Qe2 { [%clk
1:32:47]} 10... b5 {[%clk 1:31:44]} 11. f4 {[%clk 1:33:02]} 11... Bxd4 { [%clk
1:32:07]} 12. Bxd4 {[%clk 1:33:25]} 12... Nxd4 {[%clk 1:32:32]} 13. Rxd4 {[%clk
1:33:47]} 13... Rb8 {[%clk 1:32:57]} 14. Bg2 {[%clk 1:30:14]} 14... b4 { [%clk
1:25:56]} 15. Na4 {[%clk 1:28:22]} 15... O-O {[%clk 1:06:26]} 16. Rhd1 { [%clk
1:26:24]} 16... a5 {[%clk 0:54:41]} 17. Qc4 {[%clk 0:47:07]} 17... Rb7 { [%clk
0:27:16]} 18. Qxc7 {[%clk 0:35:21]} 18... Rxc7 {[%clk 0:27:37]} 19. Nb6 { [%clk
0:35:10]} 19... Rd8 {[%clk 0:26:28]} 20. Rd6 {[%clk 0:24:56]} 20... Kf8 { [%clk
0:24:31]} 21. Bf1 {[%clk 0:23:43]} 21... h6 {[%clk 0:05:12]} 22. Bb5 { [%clk
0:23:13]} 22... g5 {[%clk 0:05:07]} 23. Nxd7+ {[%clk 0:17:43]} 23... Bxd7
{[%clk 0:05:33]} 24. Rxd7 {[%clk 0:18:03]} 24... Rdxd7 {[%clk 0:05:25]} 25.
Rxd7 {[%clk 0:18:24]} 25... Rc5 {[%clk 0:05:41]} 26. Bd3 {[%clk 0:11:32]} 26...
gxf4 {[%clk 0:06:07]} 27. gxf4 {[%clk 0:11:53]} 27... Ng6 {[%clk 0:06:29]} 28.
f5 {[%clk 0:09:27]} 28... Ne5 {[%clk 0:06:41]} 29. Rd4 {[%clk 0:09:47]} 29...
Nxd3+ {[%clk 0:06:58]} 30. Rxd3 {[%clk 0:10:12]} 30... exf5 {[%clk 0:07:24]}
31. Rd5 {[%clk 0:10:31]} 31... Rc4 {[%clk 0:03:30]} 32. exf5 {[%clk 0:10:26]}
32... a4 {[%clk 0:03:55]} 33. f6 {[%clk 0:08:37]} 33... Kg8 {[%clk 0:04:21]}
34. Rf5 {[%clk 0:05:28]} 34... Kh7 {[%clk 0:03:02]} 35. Rf3 {[%clk 0:03:57]}
35... Kg6 {[%clk 0:01:40]} 36. b3 {[%clk 0:03:59]} 36... axb3 {[%clk 0:02:05]}
37. axb3 {[%clk 0:04:26]} 37... Rc6 {[%clk 0:01:01]} 38. Rf4 {[%clk 0:03:53]}
38... Rb6 {[%clk 0:01:28]} 39. h4 {[%clk 0:03:40]} 39... h5 {[%clk 0:00:58]}
40. Kb2 {[%clk 0:03:56]} 40... Rxf6 {[%clk 0:00:45]} 41. Rxf6+ {[%clk 0:01:11]}
41... Kxf6 {[%clk 0:00:33]} 42. c3 {[%clk 0:01:32]} 42... bxc3+ {[%clk 0:00:59]
} 43. Kxc3 {[%clk 0:01:56]} 43... Ke5 {[%clk 0:00:31]} 44. Kd3 {[%clk 0:02:15]}
44... f5 {[%clk 0:24:29]} 45. Ke3 1-0

[Event "ODJM A 2018"]
[Site "Willingen GER"]
[Date "2018.05.22"]
[Round "4"]
[White "Ehmann, Thilo"]
[Black "Syrov, Arkadi"]
[Result "1/2-1/2"]
[Termination "normal"]
[Board "2"]
[WhiteTitle "FM"]
[WhiteElo "2287"]
[BlackElo "2291"]
[WhiteClock "00:34:49"]
[BlackClock "00:06:43"]
[PlyCount "119"]
[WhiteFideId "12940968"]
[BlackFideId "12942448"]
[EventCountry "GER"]
[EventRounds "9"]
[EventType "swiss"]
[EventDate "2018.05.19"]

1. e4 {[%clk 1:30:59]} 1... e5 {[%clk 1:30:56]} 2. Nf3 {[%clk 1:31:22]} 2...
Nc6 {[%clk 1:31:21]} 3. Bc4 {[%clk 1:31:49]} 3... Bc5 {[%clk 1:31:47]} 4. c3 {
[%clk 1:32:15]} 4... Nf6 {[%clk 1:32:14]} 5. d4 {[%clk 1:32:41]} 5... exd4 {
[%clk 1:32:41]} 6. cxd4 {[%clk 1:33:07]} 6... Bb4+ {[%clk 1:33:08]} 7. Bd2 {
[%clk 1:33:34]} 7... Bxd2+ {[%clk 1:33:33]} 8. Nbxd2 {[%clk 1:34:02]} 8... d5 {
[%clk 1:33:57]} 9. exd5 {[%clk 1:34:30]} 9... Nxd5 {[%clk 1:34:23]} 10. Qb3 {
[%clk 1:34:58]} 10... Na5 {[%clk 1:34:30]} 11. Qa4+ {[%clk 1:35:15]} 11... Nc6
{[%clk 1:34:56]} 12. Qb3 {[%clk 1:33:30]} 12... Nce7 {[%clk 1:30:57]} 13. O-O {
[%clk 1:33:49]} 13... O-O {[%clk 1:30:58]} 14. Rfe1 {[%clk 1:34:16]} 14... c6 {
[%clk 1:31:01]} 15. Ne4 {[%clk 1:34:42]} 15... Qb6 {[%clk 1:28:19]} 16. Nc3 {
[%clk 1:32:25]} 16... Qxb3 {[%clk 1:11:12]} 17. Bxb3 {[%clk 1:25:43]} 17... Bg4
{[%clk 1:03:55]} 18. Nxd5 {[%clk 1:25:33]} 18... Nxd5 {[%clk 1:04:21]} 19. Bxd5
{[%clk 1:25:58]} 19... cxd5 {[%clk 1:04:49]} 20. Ne5 {[%clk 1:26:24]} 20... Bf5
{[%clk 1:05:11]} 21. g4 {[%clk 1:25:08]} 21... Be4 {[%clk 1:05:31]} 22. f3 {
[%clk 1:25:02]} 22... Bg6 {[%clk 0:56:37]} 23. Rac1 {[%clk 1:21:38]} 23... Rfc8
{[%clk 0:53:52]} 24. Nd7 {[%clk 1:10:49]} 24... f6 {[%clk 0:34:45]} 25. Nc5 {
[%clk 1:10:14]} 25... Rc7 {[%clk 0:32:17]} 26. Ne6 {[%clk 1:07:01]} 26... Re7 {
[%clk 0:32:10]} 27. Kf2 {[%clk 1:04:40]} 27... Bf7 {[%clk 0:27:51]} 28. Nf4 {
[%clk 1:04:21]} 28... Rxe1 {[%clk 0:28:17]} 29. Kxe1 {[%clk 1:04:48]} 29... g5
{[%clk 0:28:43]} 30. Nd3 {[%clk 1:04:53]} 30... Re8+ {[%clk 0:29:08]} 31. Kd2 {
[%clk 1:04:34]} 31... Re7 {[%clk 0:28:45]} 32. Rc8+ {[%clk 1:04:28]} 32... Kg7
{[%clk 0:29:10]} 33. Ra8 {[%clk 1:04:18]} 33... b6 {[%clk 0:28:34]} 34. Rd8 {
[%clk 1:00:27]} 34... h5 {[%clk 0:28:53]} 35. h3 {[%clk 0:58:32]} 35... Rc7 {
[%clk 0:25:40]} 36. b3 {[%clk 0:57:59]} 36... a5 {[%clk 0:20:27]} 37. Rd6 {
[%clk 0:54:05]} 37... a4 {[%clk 0:20:54]} 38. Rxb6 {[%clk 0:52:29]} 38... axb3
{[%clk 0:21:19]} 39. axb3 {[%clk 0:52:22]} 39... Ra7 {[%clk 0:21:19]} 40. f4 {
[%clk 0:39:47]} 40... Ra2+ {[%clk 0:18:10]} 41. Ke3 {[%clk 0:38:21]} 41... Rh2
{[%clk 0:09:06]} 42. fxg5 {[%clk 0:38:06]} 42... Rxh3+ {[%clk 0:09:18]} 43. Ke2
{[%clk 0:38:32]} 43... Rh2+ {[%clk 0:06:03]} 44. Kf1 {[%clk 0:38:19]} 44...
fxg5 {[%clk 0:05:07]} 45. Ne5 {[%clk 0:38:37]} 45... Be8 {[%clk 0:05:32]} 46.
Rb8 {[%clk 0:38:42]} 46... Kf8 {[%clk 0:05:43]} 47. gxh5 {[%clk 0:38:24]} 47...
Rxh5 {[%clk 0:05:55]} 48. Kg2 {[%clk 0:37:54]} 48... Ke7 {[%clk 0:05:31]} 49.
Nf3 {[%clk 0:38:09]} 49... Bg6 {[%clk 0:04:56]} 50. Rb7+ {[%clk 0:35:55]} 50...
Ke8 {[%clk 0:04:37]} 51. b4 {[%clk 0:32:47]} 51... Be4 {[%clk 0:04:16]} 52. Kg3
{[%clk 0:33:14]} 52... Bxf3 {[%clk 0:04:10]} 53. Kxf3 {[%clk 0:33:40]} 53...
Rh3+ {[%clk 0:04:36]} 54. Kg4 {[%clk 0:33:13]} 54... Rh4+ {[%clk 0:04:44]} 55.
Kxg5 {[%clk 0:33:40]} 55... Rxd4 {[%clk 0:05:10]} 56. Kf5 {[%clk 0:34:06]}
56... Re4 {[%clk 0:05:35]} 57. b5 {[%clk 0:34:20]} 57... Kd8 {[%clk 0:06:00]}
58. Rb6 {[%clk 0:34:15]} 58... Kc7 {[%clk 0:06:20]} 59. Rc6+ {[%clk 0:34:41]}
59... Kb7 {[%clk 0:06:43]} 60. Rd6 {[%clk 0:34:49]} 1/2-1/2

[Event "ODJM A 2018"]
[Site "Willingen GER"]
[Date "2018.05.22"]
[Round "4"]
[White "Borchert, René"]
[Black "Knudsen, Simon"]
[Result "1-0"]
[Termination "normal"]
[Board "3"]
[WhiteElo "2186"]
[BlackElo "2126"]
[WhiteClock "00:06:08"]
[BlackClock "00:25:23"]
[PlyCount "57"]
[WhiteFideId "12990671"]
[BlackFideId "12985546"]
[EventCountry "GER"]
[EventRounds "9"]
[EventType "swiss"]
[EventDate "2018.05.19"]

1. e4 {[%clk 1:30:58]} 1... g6 {[%clk 1:30:45]} 2. d4 {[%clk 1:30:58]} 2... Bg7
{[%clk 1:31:07]} 3. Nc3 {[%clk 1:31:22]} 3... d6 {[%clk 1:31:32]} 4. f4 { [%clk
1:30:51]} 4... a6 {[%clk 1:28:07]} 5. Nf3 {[%clk 1:30:53]} 5... b5 { [%clk
1:28:29]} 6. Bd3 {[%clk 1:29:14]} 6... Nd7 {[%clk 1:28:52]} 7. e5 { [%clk
1:26:03]} 7... c5 {[%clk 1:28:48]} 8. Be4 {[%clk 1:18:01]} 8... Rb8 { [%clk
1:29:11]} 9. e6 {[%clk 1:18:22]} 9... fxe6 {[%clk 1:20:26]} 10. Ng5 { [%clk
1:18:05]} 10... Bxd4 {[%clk 1:16:49]} 11. Nxh7 {[%clk 1:17:36]} 11... Bxc3+
{[%clk 1:06:55]} 12. bxc3 {[%clk 1:17:56]} 12... Nf8 {[%clk 1:00:25]} 13. Nxf8
{[%clk 1:17:29]} 13... Kxf8 {[%clk 1:00:49]} 14. Bxg6 {[%clk 1:17:14]} 14...
Nf6 {[%clk 1:01:08]} 15. h4 {[%clk 1:01:57]} 15... Qa5 {[%clk 0:59:21]} 16. Bd2
{[%clk 1:00:58]} 16... Qa4 {[%clk 0:58:36]} 17. Qe2 {[%clk 0:57:06]} 17... Bd7
{[%clk 0:54:39]} 18. h5 {[%clk 0:36:02]} 18... Qc4 {[%clk 0:41:06]} 19. Bd3
{[%clk 0:22:19]} 19... Qd5 {[%clk 0:41:28]} 20. c4 {[%clk 0:21:48]} 20... Qa8
{[%clk 0:33:22]} 21. Bc3 {[%clk 0:19:16]} 21... bxc4 {[%clk 0:28:52]} 22. Bxc4
{[%clk 0:19:28]} 22... d5 {[%clk 0:29:14]} 23. Bd3 {[%clk 0:16:09]} 23... d4
{[%clk 0:29:16]} 24. Bd2 {[%clk 0:16:11]} 24... Qd5 {[%clk 0:29:15]} 25. h6
{[%clk 0:14:54]} 25... Bb5 {[%clk 0:29:18]} 26. Qe5 {[%clk 0:11:21]} 26... Kf7
{[%clk 0:26:46]} 27. Rh2 {[%clk 0:05:25]} 27... Bxd3 {[%clk 0:25:10]} 28. cxd3
{[%clk 0:05:50]} 28... Ng4 {[%clk 0:25:23]} 29. Qg7+ {[%clk 0:06:08]} 1-0